Baudelaire y la presidenta

Gespeichert in:
Bibliographische Detailangaben
1. Verfasser: Porché, Francois
Format: Buch
Sprache:Undetermined
Veröffentlicht: Buenos Aires, Argentina Argos 1947
Schlagworte:
Tags: Tag hinzufügen
Keine Tags, Fügen Sie den ersten Tag hinzu!

MARC

LEADER 00000nam a2200000Ia 4500
008 170316s9999 xx 000 0 und d
040 |a cru BVZT 
090 |a 840 P-16b 
100 |a Porché, Francois  |9 927 
245 |a Baudelaire y la presidenta 
260 |a Buenos Aires, Argentina 
260 |b Argos 
260 |c 1947 
300 |a 203 páginas 
650 |a LITERATURA FRANCESA  |9 109 
999 |c 7883  |d 7883 
942 |c 15 D  |h 840 P-16b  |2 z